000 01510nam a22003977a 4500
003 CHAP
005 20220817044140.0
008 070131d2001 mx r 00010 spa d
010 _a93265
011 _a94237
020 _a9707200235
035 _a104822
040 _cCHAP
090 _aFolleto 17182
110 2 _aMéxico. Presidencia de la República
245 1 0 _aDiscurso del Presidente de la República, Vicente Fox, durante la Conferencia de Líderes del Consejo Nacional de la Raza el 17 de julio de 2001, Milwaukee, Wisconsin
_c/por Presidencia de la República
260 _aMéxico, D.F. :
_bPresidencia de la República. Coordinación General de Opinión Pública e Imágen,
_c2001.
300 _a13 p.
590 _aBATCH-UPD
_b10
_c20130110
_lUCH01
_h0828
590 _aBATCH-UPD
_b10
_c20130410
_lUCH01
_h0506
590 _aBATCH-UPD
_b10
_c20130914
_lUCH01
_h1207
590 _aBATCH-UPD
_b10
_c20161124
_lUCH01
_h1713
590 _aCONVERSION
_b10
_c20130109
_lUCH01
_h1352
650 1 4 _aDirigentes.
_932700
650 1 4 _aEmigración e inmigración.
_936517
650 1 4 _aHispanidad.
_955588
650 1 4 _aMéxico
_xDiscursos, ensayos y conferencias.
_976740
650 1 4 _aPolítica económica
_zMéxico.
_990535
650 1 4 _aPolítica social
_zMéxico.
650 1 4 _aRaza.
_994876
651 4 _aMéxico
_xPolítica y gobierno.
_976783
901 _aBK
905 _aMarco A. Mendoza T.
942 _cFOLL
949 _aFolleto 17182
_bBC
_cFOLL
_d33724002017637
_eTS1
_gDonaciØn
_i104822
_sb
999 _c93265
_d93265